000 00576nam a2200193 4500
001 123351
003 ES-MaACL
007 t|
008 070214s1983 fr r ||||1| fre d
100 1 _aRachet, Guy.
_994878
245 1 0 _aDictionnaire de l'archéologic /
_cGuy Rachet ; avec la collaboration de Louis Frédéric.
260 _aParis :
_bRobert Laffont,
_c1983.
300 _aIII, 1052 p. :
_bil. ;
_c20 cm.
490 1 _aBouquins
700 1 _aFrédéric, Louis.
_952408
830 0 _aBouquins
_9184870
852 _aES-MaACL
_jL-7690
_bR.108083
999 _c123351
_d123351